Statystyki dla Wszystkie miasta Polski na literę J

Kliknij tutaj aby rozwiązać quiz!

Ogólne statystyki

  • Ten quiz został rozwiązany 619 razy
    (129 od ostatniego zresetowania)
  • Średni wynik to 20 z 32

Statystyki odpowiedzi

WojewództwoPopulacjaMiasto% Poprawnych
dolnośląskie78335Jelenia Góra
98%
dolnośląskie22462Jawor
96%
śląskie90368Jaworzno
95%
podkarpackie34542Jasło
89%
wielkopolskie26453Jarocin
87%
podkarpackie37073Jarosław
87%
śląskie88038Jastrzębie-Zdrój
83%
świętokrzyskie14812Jędrzejów
82%
mazowieckie20741Józefów
75%
lubelskie2473Józefów
75%
lubelskie11661Janów Lubelski
74%
pomorskie2679Jastarnia
73%
dolnośląskie15648Jelcz-Laskowice
62%
małopolskie5152Jordanów
60%
kujawsko-pomorskie8638Janikowo
58%
podkarpackie5658Jedlicze
56%
dolnośląskie4789Jedlina-Zdrój
56%
lubelskie902Józefów nad Wisłą
56%
dolnośląskie5118Jaworzyna Śląska
55%
wielkopolskie8580Jastrowie
54%
mazowieckie934Jadów
52%
podlaskie1607Jedwabne
51%
kujawsko-pomorskie3730Jabłonowo Pomorskie
50%
mazowieckie1071Jastrząb
50%
warmińsko-mazurskie3135Jeziorany
50%
kujawsko-pomorskie3897Janowiec Wielkopolski
49%
łódzkie1278Jeżów
49%
mazowieckie3976Jedlnia-Letnisko
46%
lubuskie4215Jasień
45%
wielkopolskie1966Jutrosin
43%
wielkopolskie1403Jaraczewo
39%
podkarpackie1177Jawornik Polski
27%

Rozkład punktacji

Percentyl według liczby udzielonych odpowiedzi

Procent ludzi z każdym wynikiem

Twoja historia wyników

Nie rozwiązałeś tego quizu od ostatniego zresetowania